Kopaničiar expres týždenník občanov podbradlansko-podjavorinskej a myjavskej oblasti

Bibliographic Details
Previous Title:Myjavské hnutie
Other Authors: Vaňa, Pavol (Publishing director)
Format: Newspaper
Language:Slovak
PhysicalDescription:zv. 30-32 cm
Published: Myjava KOEX-PRESS 1996-
ISSN:1338-9076
1210-2407
Subjects:

MARC

LEADER 00000cas a2200000 a 4500
001 vtls001467721
003 SK-MaSNL
005 20260325135756.0
008 150205c19969999xo wr|ne 0 0b0slo
022 |a 1338-9076 
035 |a SNK000423026 
035 |a (SVKBB03)vtls000160454 
040 |a SNK  |b slo  |c SNK  |e AACR2 
041 0 |a slo 
043 |a e-xo--- 
044 |a xo  |c SK 
072 7 |a 352/354  |x Stupne miestnej, oblastnej a ústrednej správy  |2 konspekt 
072 7 |a 316.7  |x Sociológia kultúry. Kultúrny život  |2 konspekt 
080 |a 316.728  |2 2011 
080 |a (437.613)  |2 2011 
080 |a 050  |2 2001 
080 |a (051)+(054)(437.6)  |2 2011 
210 0 |a Kopaničiar expres 
222 0 |a Kopaničiar expres 
245 0 0 |a Kopaničiar expres  |b týždenník občanov podbradlansko-podjavorinskej a myjavskej oblasti 
260 |a Myjava  |b KOEX-PRESS  |c 1996- 
300 |a zv.  |c 30-32 cm 
310 |a 1x týždenne 
362 0 |a Roč. I, č. 1 (17. dec. 1996)- 
500 |a Registračné č.: MK SR 1700/97, MK SR 729/08 
500 |a Evidenčné číslo: EV 3452/09 
500 |a V r. 1992-1996 vychádzal ako príloha časopisu Myjavské hnutie 
500 |a Šéfred.: 1996-, Pavol Vaňa 
500 |a Od r. 2015 rozmer zv. 32 cm 
515 |a Niektoré čísla vychádzajú ako dvojčíslo 
650 0 7 |a spoločenský život  |2 SNKPH  |9 28654 
650 0 7 |a verejný život  |2 SNKPH  |9 265932 
651 7 |a Myjava (Slovensko)  |2 SNKPHgeo  |9 39468 
655 7 |a regionálne periodiká  |2 SNKPH  |9 131775 
700 1 |a Vaňa, Pavol  |4 pbd  |9 268325 
780 0 1 |t Myjavské hnutie  |w vtls010299767  |x 1210-2407 
910 |a snk 
916 |a 1996-2015, 2016-2020 
999 |c 4896  |d 6826 
952 |t č. 1-52, neúplné  |a SNK  |b SNK  |y PREZ  |7 0  |p 17A0477702  |o snkČSB 5204/6/2002  |i snk2006/3921  |8 0  |z Chýba č. 11  |f 1  |0 0  |1 0  |4 0  |d 2006-02-22  |l 0  |r 2026-02-21 19:46:53  |w 2026-02-21 
952 |t č. 1-52  |a SNK  |b SNK  |y PREZ  |7 0  |p 17A0477703  |o snkČSB 5204/7/2003  |i snk2006/3923  |8 0  |f 1  |0 0  |1 0  |4 0  |d 2006-02-22  |l 0  |r 2026-02-21 19:46:53  |w 2026-02-21 
952 |t č. 1-51, neúplné  |a SNK  |b SNK  |y PREZ  |7 0  |p 17A0477704  |o snkČSB 5204/8/2004  |i snk2006/3924  |8 0  |z Chýba č. 32, 52  |f 1  |0 0  |1 0  |4 0  |d 2006-02-22  |l 0  |r 2026-02-21 19:46:53  |w 2026-02-21 
952 |t č. 1-26, neúplné  |a SNK  |b SNK  |y PREZ  |7 0  |p 17A1466118  |o snkČSB 5204/25/2021/1  |i snk2023/6272  |8 0  |z Chýba č. 19  |0 0  |1 0  |4 0  |d 2023-04-19  |l 0  |r 2026-02-21 19:47:19  |w 2026-02-21 
952 |t č. 27-52  |a SNK  |b SNK  |y PREZ  |7 0  |p 17A1466119  |o snkČSB 5204/25/2021/2  |i snk2023/6275  |8 0  |0 0  |1 0  |4 0  |d 2023-04-19  |l 0  |r 2026-02-21 19:47:19  |w 2026-02-21 
952 |t č. 1-26  |a SNK  |b SNK  |y PREZ  |7 0  |p 17A1466120  |o snkČSB 5204/26/2022/1  |i snk2023/6278  |8 0  |0 0  |1 0  |4 0  |d 2023-04-19  |l 0  |r 2026-02-21 19:47:19  |w 2026-02-21 
952 |t č. 27-52, neúplné  |a SNK  |b SNK  |y PREZ  |7 0  |p 17A1466121  |o snkČSB 5204/26/2022/2  |i snk2023/6280  |8 0  |z Chýba č. 43  |0 0  |1 0  |4 0  |d 2023-04-19  |l 0  |r 2026-02-21 19:47:19  |w 2026-02-21 
952 |t č. 1-50, úpl.  |a SNK  |b SNK  |y PREZ  |7 0  |p 17A0688650  |o snkČSB 5204/4/2000 D1  |i snk2004/1851  |8 0  |0 0  |1 0  |4 0  |d 2011-02-15  |l 0  |r 2026-02-21 19:56:38  |w 2026-02-21 
952 |t č. 1-26  |a SNK  |b SNK  |y PREZ  |7 0  |p 17A1523330  |o snkČSB 5204/27/2023/1  |i snk2024/6933  |8 0  |0 0  |1 0  |4 0  |d 2024-04-29  |l 0  |r 2026-02-21 19:57:58  |w 2026-02-21 
952 |t č. 27-52  |a SNK  |b SNK  |y PREZ  |7 0  |p 17A1523331  |o snkČSB 5204/27/2023/2  |i snk2024/6934  |8 0  |0 0  |1 0  |4 0  |d 2024-04-29  |l 0  |r 2026-02-21 19:57:58  |w 2026-02-21 
952 |t č. 1-26  |a SNK  |b SNK  |y PREZ  |7 0  |p 17A1557484  |o snkČSB 5204/28/2024/1  |i snk2025/12434  |8 0  |0 0  |1 0  |4 0  |d 2025-08-01  |l 0  |r 2026-02-21 20:02:04  |w 2026-02-21 
952 |t č. 27-52  |a SNK  |b SNK  |y PREZ  |7 0  |p 17A1557485  |o snkČSB 5204/28/2024/2  |i snk2025/12436  |8 0  |0 0  |1 0  |4 0  |d 2025-08-01  |l 0  |r 2026-02-21 20:02:04  |w 2026-02-21 
952 |t č. 1-26, neúplné  |a SNK  |b SNK  |y PREZ  |7 0  |p 17A1369035  |o snkČSB 5204/22/2018/1  |i snk2019/18055  |8 0  |z Chýba č. 12, 13, 18, 20, 22, 24  |f 1  |0 0  |1 0  |4 0  |d 2019-07-08  |l 0  |r 2026-02-21 20:19:11  |w 2026-02-21 
952 |t č. 27-52, neúplné  |a SNK  |b SNK  |y PREZ  |7 0  |p 17A1369034  |o snkČSB 5204/22/2018/2  |i snk2019/18057  |8 0  |z Chýba č. 27  |f 1  |0 0  |1 0  |4 0  |d 2019-07-08  |l 0  |r 2026-02-21 20:19:11  |w 2026-02-21 
952 |t č. 1-52, neúplné  |a SNK  |b SNK  |y PREZ  |7 0  |p 17A0896549  |o snkČSB 5204/3/1999  |i snkČSP 1852/2004  |z chýba č. 25  |f 1  |0 0  |1 0  |4 0  |d 2015-02-05  |l 0  |r 2026-02-21 20:31:28  |w 2026-02-21 
952 |t č. 2-52, neúplné  |a SNK  |b SNK  |y PREZ  |7 0  |p 17A0896565  |o snkČSB 5204/1/1997  |i snkČSP 1854/2004  |z chýba č. 20, 49  |f 1  |0 0  |1 0  |4 0  |d 2015-02-05  |l 0  |r 2026-02-21 20:51:27  |w 2026-02-21 
952 |t č. 1-51  |a SNK  |b SNK  |y PREZ  |7 0  |p 17A1095990  |o snkČSB 5204/9/2005  |i snk2015/3911  |8 0  |f 1  |0 0  |1 0  |4 0  |d 2015-02-04  |l 0  |r 2026-02-21 20:52:30  |w 2026-02-21 
952 |t č. 1-52  |a SNK  |b SNK  |y PREZ  |7 0  |p 17A1095991  |o snkČSB 5204/10/2006  |i snk2015/3915  |8 0  |f 1  |0 0  |1 0  |4 0  |d 2015-02-04  |l 0  |r 2026-02-21 20:52:30  |w 2026-02-21 
952 |t č. 1-35, neúplné  |a SNK  |b SNK  |y PREZ  |7 0  |p 17A1095992  |o snkČSB 5204/11/2007  |i snk2015/3920  |8 0  |z chýba č. 16-35  |f 1  |0 0  |1 0  |4 0  |d 2015-02-04  |l 0  |r 2026-02-21 20:52:30  |w 2026-02-21 
952 |t č. 1-52  |a SNK  |b SNK  |y PREZ  |7 0  |p 17A1095993  |o snkČSB 5204/13/2009  |i snk2015/3921  |8 0  |f 1  |0 0  |1 0  |4 0  |d 2015-02-04  |l 0  |r 2026-02-21 20:52:30  |w 2026-02-21 
952 |t č. 1-53  |a SNK  |b SNK  |y PREZ  |7 0  |p 17A1095994  |o snkČSB 5204/14/2010  |i snk2015/3924  |8 0  |f 1  |0 0  |1 0  |4 0  |d 2015-02-04  |l 0  |r 2026-02-21 20:52:30  |w 2026-02-21 
952 |t č. 1-52  |a SNK  |b SNK  |y PREZ  |7 0  |p 17A1095995  |o snkČSB 5204/15/2011  |i snk2015/3925  |8 0  |f 1  |0 0  |1 0  |4 0  |d 2015-02-04  |l 0  |r 2026-02-21 20:52:30  |w 2026-02-21 
952 |t č. 1-52  |a SNK  |b SNK  |y PREZ  |7 0  |p 17A1095996  |o snkČSB 5204/16/2012  |i snk2015/3926  |8 0  |f 1  |0 0  |1 0  |4 0  |d 2015-02-04  |l 0  |r 2026-02-21 20:52:31  |w 2026-02-21 
952 |t č. 1-52  |a SNK  |b SNK  |y PREZ  |7 0  |p 17A1095997  |o snkČSB 5204/17/2013  |i snk2015/3927  |8 0  |f 1  |0 0  |1 0  |4 0  |d 2015-02-04  |l 0  |r 2026-02-21 20:52:31  |w 2026-02-21 
952 |t č. 1-52  |a SNK  |b SNK  |y PREZ  |7 0  |p 17A0985184  |o snkČSB 5204/5/2001  |i snkČSP 2375/2002  |f 1  |0 0  |1 0  |4 0  |d 2015-02-05  |l 0  |r 2026-02-21 20:52:55  |w 2026-02-21 
952 |t č. 1-52  |a SNK  |b SNK  |y PREZ  |7 0  |p 17A1095998  |o snkČSB 5204/18/2014  |i snk2015/3979  |8 0  |f 1  |0 0  |1 0  |4 0  |d 2015-02-05  |l 0  |r 2026-02-21 20:52:59  |w 2026-02-21 
952 |t č. 1-52, neúplné  |a SNK  |b SNK  |y PREZ  |7 0  |p 17A0896564  |o snkČSB 5204/2/1998  |i snkČSP 1848/2004  |z chýba č. 9, 50  |f 1  |0 0  |1 0  |4 0  |d 2015-02-05  |l 0  |r 2026-02-21 20:52:59  |w 2026-02-21 
952 |t č. 1-50  |a SNK  |b SNK  |y PREZ  |7 0  |p 17A0896538  |o snkČSB 5204/4/2000  |i snkČSP 1850/2004  |f 1  |0 0  |1 0  |4 0  |d 2015-02-05  |l 0  |r 2026-02-21 20:52:59  |w 2026-02-21 
952 |t č. 1  |a SNK  |b SNK  |y PREZ  |7 0  |p 17A0896572  |o snkČSB 5204/1/1996  |i snkČSP 2373/2002  |f 1  |0 0  |1 0  |4 0  |d 2015-02-05  |l 0  |r 2026-02-21 21:03:26  |w 2026-02-21 
952 |t č. 1-27  |a SNK  |b SNK  |y PREZ  |7 0  |p 17A1434756  |o snkČSB 5204/24/2020/1  |i snk2021/8073  |8 0  |f 1  |0 0  |1 0  |4 0  |d 2021-07-02  |l 0  |r 2026-02-21 21:21:24  |w 2026-02-21 
952 |t č. 28-52  |a SNK  |b SNK  |y PREZ  |7 0  |p 17A1434755  |o snkČSB 5204/24/2020/2  |i snk2021/8078  |8 0  |f 1  |0 0  |1 0  |4 0  |d 2021-07-02  |l 0  |r 2026-02-21 21:21:24  |w 2026-02-21 
952 |t č. 1-26  |a SNK  |b SNK  |y PREZ  |7 0  |p 17A1387444  |o snkČSB 5204/23/2019/1  |i snk2020/7966  |8 0  |f 1  |0 0  |1 0  |4 0  |d 2020-05-19  |l 0  |r 2026-02-21 21:53:11  |w 2026-02-21 
952 |t č. 27-52  |a SNK  |b SNK  |y PREZ  |7 0  |p 17A1387445  |o snkČSB 5204/23/2019/2  |i snk2020/7973  |8 0  |f 1  |0 0  |1 0  |4 0  |d 2020-05-19  |l 0  |r 2026-02-21 21:53:11  |w 2026-02-21 
952 |t č. 1-52  |a SNK  |b SNK  |y PREZ  |7 0  |p 17A1098363  |o snkČSB 5204/19/2015  |i snk2016/6589  |8 0  |f 1  |0 0  |1 0  |4 0  |d 2016-03-08  |l 0  |r 2026-02-21 22:02:50  |w 2026-02-21 
952 |t č. 1-26  |a SNK  |b SNK  |y PREZ  |7 0  |p 17A1369039  |o snkČSB 5204/20/2016/1  |i snk2019/18032  |8 0  |f 1  |0 0  |1 0  |4 0  |d 2019-07-08  |l 0  |r 2026-02-21 22:21:19  |w 2026-02-21 
952 |t č. 27-52  |a SNK  |b SNK  |y PREZ  |7 0  |p 17A1369038  |o snkČSB 5204/20/2016/2  |i snk2019/18039  |8 0  |f 1  |0 0  |1 0  |4 0  |d 2019-07-08  |l 0  |r 2026-02-21 22:21:19  |w 2026-02-21 
952 |t č. 1-26, neúplné  |a SNK  |b SNK  |y PREZ  |7 0  |p 17A1369037  |o snkČSB 5204/21/2017/1  |i snk2019/18042  |8 0  |z Chýba č. 12, 14  |f 1  |0 0  |1 0  |4 0  |d 2019-07-08  |l 0  |r 2026-02-21 22:21:19  |w 2026-02-21 
952 |t č. 27-52, neúplné  |a SNK  |b SNK  |y PREZ  |7 0  |p 17A1369036  |o snkČSB 5204/21/2017/2  |i snk2019/18044  |8 0  |z Chýba č. 45  |f 1  |0 0  |1 0  |4 0  |d 2019-07-08  |l 0  |r 2026-02-21 22:21:20  |w 2026-02-21 
952 |t 1  |a SNK  |b SNK  |c SNK_KF  |y PREZ  |7 8  |p 17A1559326  |o snkČSB 5204/29/2025/1  |i snk2026/3917  |h č. 1-26  |8 0  |0 0  |1 0  |2 udc  |4 0  |d 2025-08-01  |l 0  |r 2026-03-19 10:20:46  |w 2026-02-21 
952 |t 1  |a SNK  |b SNK  |c SNK_KF  |y PREZ  |7 8  |p 17A1559327  |o snkČSB 5204/29/2025/2  |i snk2026/3919  |h č. 27-52  |8 0  |0 0  |1 0  |2 udc  |4 0  |d 2025-08-01  |l 0  |r 2026-03-19 10:23:12  |w 2026-02-21